[Event "Madrid-ch Semifinal A"]
[Site "Madrid ESP"]
[Date "2014.03.12"]
[Round "1.22"]
[White "Quintero Torres, Pedro"]
[Black "Hernandez Garcia, Carlos"]
[Result "1-0"]
[WhiteElo "2004"]
[BlackElo "1814"]
[PlyCount "102"]
[EventDate "2014.03.10"]
[EventType "swiss"]
[EventRounds "9"]
[EventCountry "ESP"]
[Source "lmi"]
[SourceDate "2014.03.10"]

1. e4 c5 2. Nf3 d6 3. Bc4 e6 4. O-O a6 5. a4 d5 6. exd5 exd5 7. Re1+ Be6 8. Bf1
d4 9. Na3 Nc6 10. Bc4 Qf6 11. Qe2 Nd8 12. d3 h6 13. Bd2 Bd6 14. Bxe6 Nxe6 15.
Nc4 Bc7 16. Qe4 Rb8 17. c3 Ne7 18. cxd4 cxd4 19. Bb4 Nc6 20. Ba3 Rd8 21. Rac1
Qf4 22. g3 Qxe4 23. Rxe4 Rd5 24. Ncd2 Kd7 25. Nb3 f5 26. Re2 Bd6 27. Bxd6 Rxd6
28. Ne5+ Nxe5 29. Rxe5 f4 30. f3 Rc8 31. Nc5+ Rxc5 32. Rexc5 Nxc5 33. Rxc5 fxg3
34. hxg3 Rc6 35. Rd5+ Rd6 36. Re5 Kc6 37. Kf2 Rd5 38. Re6+ Rd6 39. Re7 Rd7 40.
Re5 b5 41. axb5+ axb5 42. f4 Rd5 43. Re7 g6 44. Kf3 g5 45. Re6+ Rd6 46. Re8 Kd7
47. Re5 gxf4 48. Kxf4 Re6 49. Rd5+ Kc6 50. Rxd4 h5 51. Re4 Rh6 1-0

[Event "Madrid-ch Semifinal A"]
[Site "Madrid ESP"]
[Date "2014.03.12"]
[Round "1.23"]
[White "Lopez Orellana, Federico"]
[Black "Fuentes Arjona, Antonio"]
[Result "0-1"]
[WhiteElo "1808"]
[BlackElo "2003"]
[PlyCount "96"]
[EventDate "2014.03.10"]
[EventType "swiss"]
[EventRounds "9"]
[EventCountry "ESP"]
[Source "lmi"]
[SourceDate "2014.03.10"]

1. d4 d5 2. Nf3 Nf6 3. Bf4 e6 4. e3 c5 5. c3 Nc6 6. Bd3 c4 7. Bc2 b5 8. h3 a5
9. Nbd2 Bb7 10. Ne5 Nxe5 11. dxe5 Ne4 12. Nxe4 dxe4 13. Qg4 f5 14. exf6 Qxf6
15. O-O Bd5 16. Rfd1 Be7 17. Bg3 h5 18. Qf4 h4 19. Qxf6 gxf6 20. Bc7 Rg8 21. b3
Kf7 22. bxc4 bxc4 23. Rab1 Rgc8 24. Bf4 a4 25. Rd2 f5 26. Be5 Bf6 27. Bxf6 Kxf6
28. Bd1 a3 29. Be2 Rcb8 30. Rbd1 Rb2 31. Kf1 Rab8 32. Ke1 Ke5 33. g3 hxg3 34.
fxg3 Rxd2 35. Rxd2 Rb1+ 36. Rd1 Rb2 37. Rd2 Kf6 38. Bd1 Rb1 39. Ke2 Bc6 40. h4
Be8 41. Kf2 Rc1 42. Bc2 Bh5 43. Kg2 Ra1 44. Ba4 Rb1 45. Rf2 Re1 46. Bb5 Rxe3
47. Bxc4 Rxc3 48. Be2 e3 0-1

[Event "Madrid-ch Semifinal A"]
[Site "Madrid ESP"]
[Date "2014.03.11"]
[Round "2.1"]
[White "Elissalt Cardenas, Hector"]
[Black "Martin Martin, Luis Vicente"]
[Result "1-0"]
[WhiteElo "2369"]
[BlackElo "2065"]
[PlyCount "23"]
[EventDate "2014.03.10"]
[EventType "swiss"]
[EventRounds "9"]
[EventCountry "ESP"]
[Source "lmi"]
[SourceDate "2014.03.10"]

1. Nf3 d5 2. c4 dxc4 3. Na3 Nf6 4. Nxc4 e6 5. b3 b5 6. Nce5 Bb7 7. Qc2 c5 8. e3
a6 9. Ng5 Qc7 10. Bb2 Bd6 11. Nexf7 O-O 12. Bxf6 1-0

[Event "Madrid-ch Semifinal A"]
[Site "Madrid ESP"]
[Date "2014.03.11"]
[Round "2.2"]
[White "Alvarez Abejon, Amilcar"]
[Black "Suarez Uriel, Adrian"]
[Result "1/2-1/2"]
[WhiteElo "2054"]
[BlackElo "2279"]
[PlyCount "71"]
[EventDate "2014.03.10"]
[EventType "swiss"]
[EventRounds "9"]
[EventCountry "ESP"]
[Source "lmi"]
[SourceDate "2014.03.10"]

1. c4 Nf6 2. Nc3 e5 3. Nf3 Nc6 4. g3 Bb4 5. Nd5 Bc5 6. Bg2 O-O 7. O-O d6 8. d3
h6 9. a3 a5 10. b3 Nxd5 11. cxd5 Ne7 12. d4 exd4 13. Nxd4 Nf5 14. Nxf5 Bxf5 15.
e4 Bd7 16. Bb2 f5 17. exf5 Bxf5 18. Bd4 Bc2 19. Qxc2 Bxd4 20. Rae1 Bc5 21. a4
Qg5 22. Kh1 Rae8 23. f4 Qg4 24. Re4 Qf5 25. Rfe1 Rxe4 26. Qxe4 Qxe4 27. Rxe4
Kf7 28. Bh3 Re8 29. Rxe8 Kxe8 30. Bc8 b6 31. Kg2 Ke7 32. Kf3 h5 33. h3 Kf6 34.
g4 hxg4+ 35. hxg4 g5 36. fxg5+ 1/2-1/2

[Event "Madrid-ch Semifinal A"]
[Site "Madrid ESP"]
[Date "2014.03.11"]
[Round "2.3"]
[White "Madina Yadarola, Martin"]
[Black "Vazquez Gonzalez, Jesus"]
[Result "1-0"]
[WhiteElo "2254"]
[BlackElo "2054"]
[PlyCount "101"]
[EventDate "2014.03.10"]
[EventType "swiss"]
[EventRounds "9"]
[EventCountry "ESP"]
[Source "lmi"]
[SourceDate "2014.03.10"]

1. Nf3 g6 2. e4 c5 3. c4 Bg7 4. Nc3 Nc6 5. d3 d6 6. h3 Nf6 7. g3 Bd7 8. Bg2 Qc8
9. Nd5 Nxd5 10. exd5 Nd4 11. Rb1 e5 12. dxe6 fxe6 13. Nxd4 cxd4 14. Qe2 O-O 15.
O-O Bc6 16. Be4 e5 17. Kg2 Bxe4+ 18. Qxe4 Qf5 19. Qe2 Rae8 20. f3 Rf7 21. Bd2
Qd7 22. Qe4 Qc6 23. Rbe1 Qa4 24. a3 Qc6 25. Re2 Rd8 26. Qg4 d5 27. cxd5 Qxd5
28. Bg5 Rdf8 29. Ref2 h5 30. Qe4 Qxe4 31. fxe4 Rxf2+ 32. Rxf2 Rxf2+ 33. Kxf2
Kf7 34. a4 Bf8 35. Kf3 Bb4 36. g4 a6 37. Bd8 Ke6 38. Ke2 Be7 39. Ba5 hxg4 40.
hxg4 g5 41. Bd2 b6 42. Kd1 Kd7 43. Kc2 Kc6 44. Kb3 b5 45. Ba5 Bf6 46. Bb4 Bd8
47. Bf8 Bf6 48. Kb4 bxa4 49. Kxa4 Bd8 50. Kb4 Kb6 51. Bg7 1-0

[Event "Madrid-ch Semifinal A"]
[Site "Madrid ESP"]
[Date "2014.03.11"]
[Round "2.4"]
[White "Barraza Caracuel, Ignacio"]
[Black "Garcia Gutierrez, Jose"]
[Result "1-0"]
[WhiteElo "2207"]
[BlackElo "2009"]
[PlyCount "65"]
[EventDate "2014.03.10"]
[EventType "swiss"]
[EventRounds "9"]
[EventCountry "ESP"]
[Source "lmi"]
[SourceDate "2014.03.10"]

1. d4 Nf6 2. c4 e5 3. dxe5 Ne4 4. Nf3 b6 5. Nbd2 Bb7 6. Nxe4 Bxe4 7. Bd2 Nc6 8.
Bc3 Nb4 9. Nd4 Bc5 10. a3 a5 11. e3 Bxd4 12. axb4 Bxc3+ 13. bxc3 axb4 14. cxb4
O-O 15. Rxa8 Qxa8 16. f3 Bf5 17. Be2 Qa3 18. Kf2 Qxb4 19. Qd4 Ra8 20. Ra1 Ra5
21. g4 Be6 22. f4 g6 23. Rxa5 Qxa5 24. e4 c5 25. Qb2 b5 26. cxb5 c4 27. Qd4 c3
28. Qc5 Bb3 29. f5 c2 30. Qc8+ Kg7 31. f6+ Kh6 32. h4 Qe1+ 33. Kxe1 1-0

[Event "Madrid-ch Semifinal A"]
[Site "Madrid ESP"]
[Date "2014.03.11"]
[Round "2.5"]
[White "Lopez De Turiso, Jose Angel"]
[Black "Quintero Torres, Pedro"]
[Result "1-0"]
[WhiteElo "2127"]
[BlackElo "2004"]
[PlyCount "145"]
[EventDate "2014.03.10"]
[EventType "swiss"]
[EventRounds "9"]
[EventCountry "ESP"]
[Source "lmi"]
[SourceDate "2014.03.10"]

1. e4 c5 2. Nc3 Nc6 3. g3 g6 4. Bg2 Bg7 5. d3 d6 6. Be3 Nf6 7. h3 Nd4 8. Qd2
Rb8 9. Nd1 e5 10. c3 Ne6 11. Ne2 d5 12. Bh6 dxe4 13. Bxg7 Nxg7 14. dxe4 Qxd2+
15. Kxd2 Be6 16. Ne3 O-O 17. Rhd1 Rfd8+ 18. Kc2 Nd7 19. Rd2 Nb6 20. b3 Rxd2+
21. Kxd2 f5 22. exf5 gxf5 23. f4 e4 24. g4 Nd5 25. gxf5 Nxf5 26. Nxf5 Bxf5 27.
Rg1 Kf7 28. Ng3 Kf6 29. Nh5+ Kf7 30. Ng3 Kf6 31. Bxe4 Bxe4 32. Nxe4+ Kf5 33.
Nxc5 Nxf4 34. Rg7 Nxh3 35. Rxh7 b6 36. Rxh3 bxc5 37. Rh5+ Ke4 38. Rxc5 Rh8 39.
Rc4+ Ke5 40. Ra4 Rh7 41. Kd3 Kd5 42. Ra5+ Kc6 43. b4 Kb6 44. a4 Rh1 45. Rg5
Rh3+ 46. Kc4 Rh4+ 47. Kd5 Rh1 48. Rg6+ Kb7 49. Re6 Rc1 50. c4 Rh1 51. a5 Rd1+
52. Kc5 Rd7 53. a6+ Kc7 54. Rc6+ Kb8 55. Rd6 Rc7+ 56. Kd5 Rh7 57. c5 Rh5+ 58.
Kc6 Rh8 59. b5 Rc8+ 60. Kd5 Rh8 61. b6 Rh5+ 62. Ke6 axb6 63. cxb6 Rh6+ 64. Ke7
Rh7+ 65. Kf8 Rh8+ 66. Kg7 Re8 67. Rf6 Re7+ 68. Rf7 Rxf7+ 69. Kxf7 Ka8 70. b7+
Ka7 71. Ke7 Kb8 72. Kd7 Ka7 73. Kc7 1-0

[Event "Madrid-ch Semifinal A"]
[Site "Madrid ESP"]
[Date "2014.03.11"]
[Round "2.6"]
[White "Gonzalez Mateos, Rafael"]
[Black "Perez De Aranda A., Leonardo I"]
[Result "0-1"]
[WhiteElo "2005"]
[BlackElo "2117"]
[PlyCount "78"]
[EventDate "2014.03.10"]
[EventType "swiss"]
[EventRounds "9"]
[EventCountry "ESP"]
[Source "lmi"]
[SourceDate "2014.03.10"]

1. d4 d5 2. c3 Nf6 3. Bg5 Nbd7 4. Nf3 g6 5. Nbd2 Bg7 6. e3 O-O 7. h3 Re8 8. Bf4
c5 9. Be2 b6 10. Bh2 Bb7 11. O-O Qc8 12. c4 dxc4 13. Nxc4 Bd5 14. Nce5 Rd8 15.
Qa4 a6 16. Rfd1 Qb7 17. Qa3 cxd4 18. Rxd4 e6 19. Nd3 Ne8 20. Nde1 Bxd4 21. Nxd4
b5 22. b3 Rac8 23. f3 Rc3 24. e4 b4 25. Qa5 Rdc8 26. exd5 Qa7 27. Rd1 e5 28.
Qxb4 a5 29. Qe7 exd4 30. Nd3 Nef6 31. Bf1 Nxd5 32. Qd6 Ne3 33. Rd2 R3c6 34. Qa3
Rc2 35. Rxc2 Rxc2 36. Qe7 Nxf1 37. Qe8+ Kg7 38. Be5+ Nxe5 39. Qxe5+ f6 0-1

[Event "Madrid-ch Semifinal A"]
[Site "Madrid ESP"]
[Date "2014.03.11"]
[Round "2.7"]
[White "Rodriguez De Castro, Ayar"]
[Black "Saber, Salah"]
[Result "1-0"]
[WhiteElo "2108"]
[BlackElo "1847"]
[PlyCount "135"]
[EventDate "2014.03.10"]
[EventType "swiss"]
[EventRounds "9"]
[EventCountry "ESP"]
[Source "lmi"]
[SourceDate "2014.03.10"]

1. d4 d5 2. c4 c6 3. e3 Nf6 4. Nf3 Bg4 5. Bd3 e6 6. Nbd2 Nbd7 7. h3 Bh5 8. O-O
Bd6 9. b3 a6 10. Bb2 b5 11. e4 dxe4 12. Nxe4 Nxe4 13. Bxe4 Rc8 14. Re1 O-O 15.
Rc1 Nf6 16. Bd3 Bb4 17. Re3 Bd6 18. g3 bxc4 19. bxc4 c5 20. Be2 Bxf3 21. Bxf3
cxd4 22. Bxd4 Bc5 23. Rd3 Qa5 24. a4 Bxd4 25. Rxd4 e5 26. Rd6 Rfd8 27. c5 e4
28. Be2 Ne8 29. Bxa6 Nxd6 30. Bxc8 Nxc8 31. Qc2 Qd2 32. Qxd2 Rxd2 33. Rb1 Rc2
34. Rd1 Kf8 35. Rd8+ Ke7 36. Rxc8 Kd7 37. Rh8 Rxc5 38. Rxh7 Rg5 39. Rh4 Re5 40.
Kf1 Ke6 41. Ke2 f5 42. f3 g5 43. Rh6+ Kd5 44. Rh5 e3 45. Rxg5 Kd4 46. Rg8 Ra5
47. Rd8+ Ke5 48. Kxe3 Rxa4 49. Re8+ Kf6 50. h4 Ra3+ 51. Kf2 Ra2+ 52. Re2 Ra4
53. Kg2 Rb4 54. Rf2 Kg6 55. Kh3 Kh5 56. g4+ Kg6 57. Re2 Kf6 58. g5+ Kg6 59.
Re6+ Kg7 60. h5 Rb8 61. Re7+ Kf8 62. Ra7 Rb4 63. h6 Kg8 64. g6 Rb8 65. Kh4 Rf8
66. Kg5 Rb8 67. h7+ Kh8 68. Kh6 1-0

[Event "Madrid-ch Semifinal A"]
[Site "Madrid ESP"]
[Date "2014.03.11"]
[Round "2.9"]
[White "Rosa Ramirez, Victor D"]
[Black "Spitzer Isbert, Ramon"]
[Result "0-1"]
[WhiteElo "1989"]
[BlackElo "2070"]
[PlyCount "76"]
[EventDate "2014.03.10"]
[EventType "swiss"]
[EventRounds "9"]
[EventCountry "ESP"]
[Source "lmi"]
[SourceDate "2014.03.10"]

1. e4 Nf6 2. Nc3 d5 3. e5 d4 4. exf6 dxc3 5. fxg7 cxd2+ 6. Bxd2 Bxg7 7. Qf3
Bxb2 8. Bc4 O-O 9. Rb1 Bg7 10. Ne2 Nc6 11. Bc3 e5 12. O-O Qh4 13. Bd5 Qa4 14.
Rb3 Bg4 15. Qe3 Rad8 16. Bxc6 Qxc6 17. f3 Be6 18. Rb4 Bc4 19. Re1 Bxe2 20. Rxe2
Rd1+ 21. Kf2 Re8 22. Kg3 Rd6 23. Bb2 Rg6+ 24. Rg4 Rxg4+ 25. Kxg4 f5+ 26. Kh3 f4
27. Qb3+ Kh8 28. g4 fxg3 29. hxg3 Qd7+ 30. Kg2 Qd1 31. Re4 Qd2+ 32. Kh3 Qf2 33.
Qd3 Qg1 34. f4 Qh1+ 35. Kg4 Rg8 36. Kf5 Qh5+ 37. Ke6 Qe8+ 38. Kf5 Qg6# 0-1

[Event "Madrid-ch Semifinal A"]
[Site "Madrid ESP"]
[Date "2014.03.11"]
[Round "2.10"]
[White "Rueda Maria, Ramiro"]
[Black "Vallejo Nuno, Jorge"]
[Result "1/2-1/2"]
[WhiteElo "1967"]
[BlackElo "2061"]
[PlyCount "148"]
[EventDate "2014.03.10"]
[EventType "swiss"]
[EventRounds "9"]
[EventCountry "ESP"]
[Source "lmi"]
[SourceDate "2014.03.10"]

1. Nf3 g6 2. g3 Bg7 3. Bg2 c5 4. c4 Nf6 5. O-O O-O 6. Nc3 Nc6 7. d4 cxd4 8.
Nxd4 Ng4 9. e3 Nge5 10. Qe2 d6 11. Bd2 Nxd4 12. exd4 Ng4 13. h3 Nh6 14. Bg5 f6
15. Bxh6 Bxh6 16. Bd5+ Kh8 17. Be6 Bxe6 18. Qxe6 Qc8 19. Rfe1 Qxe6 20. Rxe6 Rf7
21. Nd5 Bf8 22. Rae1 Re8 23. b3 Kg7 24. Nxe7 Bxe7 25. Rxe7 Kf8 26. R7e6 Rd8 27.
d5 f5 28. f3 Kg7 29. Kf2 a6 30. Ke3 f4+ 31. gxf4 b5 32. Rc1 Rf5 33. cxb5 axb5
34. Rc7+ Rf7 35. Rxf7+ Kxf7 36. Kd4 h5 37. f5 gxf5 38. Rh6 Kg7 39. Re6 h4 40.
Ke3 Ra8 41. Kf4 Rxa2 42. Kxf5 Rf2 43. Kg4 Rb2 44. Rxd6 Rxb3 45. Rb6 b4 46. d6
Kf6 47. d7+ Ke7 48. Rb7 Rd3 49. Rxb4 Rxd7 50. Kxh4 Kf6 51. Kg4 Rg7+ 52. Kf4 Rg1
53. Rb6+ Kg7 54. h4 Rh1 55. Kg5 Rg1+ 56. Kf5 Rh1 57. Rb7+ Kh6 58. Rb4 Re1 59.
f4 Rh1 60. Rb6+ Kg7 61. Rg6+ Kf7 62. Rg4 Rh2 63. Kg5 Kg7 64. h5 Rh1 65. Kf5+
Kf7 66. Rg5 Rh2 67. Kg4 Kf6 68. Rg6+ Kf7 69. Kg5 Rg2+ 70. Kh6 Rh2 71. f5 Rf2
72. Kg5 Rg2+ 73. Kh4 Rh2+ 74. Kg4 Rh1 1/2-1/2

[Event "Madrid-ch Semifinal A"]
[Site "Madrid ESP"]
[Date "2014.03.11"]
[Round "2.11"]
[White "Martin Rodriguez, Emilio"]
[Black "Martin-Consuegra Barrilero, Ja"]
[Result "1-0"]
[WhiteElo "2078"]
[BlackElo "1853"]
[PlyCount "65"]
[EventDate "2014.03.10"]
[EventType "swiss"]
[EventRounds "9"]
[EventCountry "ESP"]
[Source "lmi"]
[SourceDate "2014.03.10"]

1. d4 d6 2. f4 Nf6 3. c4 g6 4. Nc3 d5 5. cxd5 Nxd5 6. e4 Nb6 7. Nf3 Bg7 8. Be2
e6 9. Be3 Nc6 10. O-O O-O 11. Qd2 Ne7 12. Rad1 Bd7 13. Ne5 Be8 14. g4 f6 15.
Nc4 Bf7 16. g5 Nxc4 17. Bxc4 f5 18. Rfe1 c6 19. Bf2 Qc7 20. Qe3 Rfe8 21. Bb3
fxe4 22. Qxe4 Nd5 23. Bg3 Qd7 24. Qf3 Rad8 25. Ne4 b6 26. Kg2 Rf8 27. Nf2 c5
28. dxc5 bxc5 29. Ng4 Qb5 30. Nh6+ Kh8 31. Qe4 Bxb2 32. f5 gxf5 33. Qe5+ 1-0

[Event "Madrid-ch Semifinal A"]
[Site "Madrid ESP"]
[Date "2014.03.11"]
[Round "2.12"]
[White "Mansilla Tolosa, Luis"]
[Black "Pinel Mirasierra, Jose Pablo"]
[Result "1/2-1/2"]
[WhiteElo "2035"]
[BlackElo "1951"]
[PlyCount "52"]
[EventDate "2014.03.10"]
[EventType "swiss"]
[EventRounds "9"]
[EventCountry "ESP"]
[Source "lmi"]
[SourceDate "2014.03.10"]

1. d4 d5 2. c4 e6 3. Nf3 Nf6 4. e3 c6 5. b3 Nbd7 6. Bb2 Be7 7. Bd3 b6 8. O-O
Bb7 9. Nc3 O-O 10. Qc2 h6 11. Rfd1 Qc7 12. Rac1 Rac8 13. cxd5 cxd5 14. Qe2 Qb8
15. Rc2 Ne4 16. Rdc1 Nxc3 17. Rxc3 Bb4 18. R3c2 Rxc2 19. Rxc2 Rc8 20. a3 Bd6
21. Bb5 Rc7 22. Qd2 Qc8 23. Rxc7 Qxc7 24. Qc1 Qxc1+ 25. Bxc1 Nf6 26. Nd2 Kf8
1/2-1/2

[Event "Madrid-ch Semifinal A"]
[Site "Madrid ESP"]
[Date "2014.03.11"]
[Round "2.13"]
[White "Fernandez Aransay, Fernando"]
[Black "Tereso Martin, Antonio"]
[Result "1/2-1/2"]
[WhiteElo "1888"]
[BlackElo "2029"]
[PlyCount "77"]
[EventDate "2014.03.10"]
[EventType "swiss"]
[EventRounds "9"]
[EventCountry "ESP"]
[Source "lmi"]
[SourceDate "2014.03.10"]

1. e4 c5 2. Nf3 Nc6 3. d4 cxd4 4. Nxd4 Nf6 5. Nc3 e6 6. Nxc6 bxc6 7. Bd3 d5 8.
O-O Qb6 9. Qe2 a5 10. b3 Bb4 11. Na4 Qc7 12. e5 Nd7 13. Bb2 O-O 14. Kh1 f5 15.
exf6 Nxf6 16. c4 Bd6 17. h3 Bd7 18. c5 Bf4 19. Rae1 Rae8 20. Be5 Bxe5 21. Qxe5
Qxe5 22. Rxe5 Re7 23. Nb6 Kf7 24. Rfe1 g6 25. f4 Nh5 26. f5 gxf5 27. g4 Ng3+
28. Kh2 Ne4 29. gxf5 exf5 30. Nxd7 Rxd7 31. Rxf5+ Nf6 32. Ref1 Kg7 33. Rg1+ Kf7
34. Rgf1 Kg7 35. Rg1+ Kf7 36. Rf4 Ke8 37. Rgf1 Rdf7 38. Re1+ Re7 39. Ref1
1/2-1/2

[Event "Madrid-ch Semifinal A"]
[Site "Madrid ESP"]
[Date "2014.03.11"]
[Round "2.15"]
[White "Cervino Rossel, Cristobal"]
[Black "Garcia Fernandez, Jesus"]
[Result "1-0"]
[WhiteElo "2018"]
[BlackElo "1892"]
[PlyCount "111"]
[EventDate "2014.03.10"]
[EventType "swiss"]
[EventRounds "9"]
[EventCountry "ESP"]
[Source "lmi"]
[SourceDate "2014.03.10"]

1. d4 Nf6 2. Nf3 c5 3. d5 g6 4. c4 b5 5. a4 bxc4 6. Nc3 d6 7. e4 Bg4 8. Bxc4
Bg7 9. O-O O-O 10. h3 Bxf3 11. Qxf3 Nbd7 12. Qe2 Qa5 13. Bd2 Rfb8 14. Nb5 Qd8
15. Bc3 a6 16. Na3 Nb6 17. Bb3 Qd7 18. a5 Na4 19. Bxa4 Qxa4 20. Nc4 Qb5 21.
Rfe1 Ra7 22. Rad1 Nh5 23. g3 Bxc3 24. bxc3 f6 25. Kh2 Qb3 26. Qd3 Rab7 27. Rd2
Qa4 28. Rde2 Rb3 29. Kg2 Qb5 30. Rd2 Qa4 31. Rde2 Qb5 32. Ra1 Rb1 33. Rxb1 Qxb1
34. Qxb1 Rxb1 35. Rb2 Rxb2 36. Nxb2 f5 37. e5 Ng7 38. f4 Ne8 39. c4 h5 40. Kf3
Kf7 41. Nd3 Kg7 42. g4 hxg4+ 43. hxg4 Kh6 44. Nb2 fxg4+ 45. Kxg4 Ng7 46. Na4
Nf5 47. Nb6 Ne3+ 48. Kf3 Nf5 49. Nc8 Kg7 50. Nxe7 Nd4+ 51. Ke4 dxe5 52. Kxe5
Kf7 53. Nc6 Nb3 54. d6 Ke8 55. Kd5 Nc1 56. Ke6 1-0

[Event "Madrid-ch Semifinal A"]
[Site "Madrid ESP"]
[Date "2014.03.11"]
[Round "2.16"]
[White "Perez Agusti, Luis"]
[Black "Lobato Rivero, Carlos"]
[Result "0-1"]
[WhiteElo "1952"]
[BlackElo "1999"]
[PlyCount "72"]
[EventDate "2014.03.10"]
[EventType "swiss"]
[EventRounds "9"]
[EventCountry "ESP"]
[Source "lmi"]
[SourceDate "2014.03.10"]

1. d4 c5 2. c3 Qc7 3. Nf3 g6 4. Be3 Nf6 5. dxc5 Bg7 6. g3 Ng4 7. Qd2 Na6 8. Bg2
Nxc5 9. O-O h5 10. Na3 a6 11. Bd4 e5 12. Bxc5 Qxc5 13. Rad1 e4 14. Nd4 h4 15.
Qf4 d5 16. Nb3 Qc6 17. Bxe4 dxe4 18. Rd6 Be5 19. Rxc6 Bxf4 20. Rc4 Bd6 21.
Rxe4+ Kf8 22. Nc4 Bc7 23. Nc5 b5 24. Nd2 hxg3 25. hxg3 Bb6 26. b4 Bxc5 27. bxc5
Bb7 28. f3 Bxe4 29. Nxe4 Ne3 30. Ra1 Rd8 31. Nd6 Rh5 32. Ne4 Rd1+ 33. Rxd1 Nxd1
34. g4 Re5 35. g5 Rxe4 36. fxe4 Nxc3 0-1

[Event "Madrid-ch Semifinal A"]
[Site "Madrid ESP"]
[Date "2014.03.11"]
[Round "2.17"]
[White "Lorenzo Bailador, Alfredo"]
[Black "Lozano Sanchez, Jose Antonio"]
[Result "1/2-1/2"]
[WhiteElo "1996"]
[BlackElo "1874"]
[PlyCount "131"]
[EventDate "2014.03.10"]
[EventType "swiss"]
[EventRounds "9"]
[EventCountry "ESP"]
[Source "lmi"]
[SourceDate "2014.03.10"]

1. e4 e5 2. Nf3 Nc6 3. Bc4 Bc5 4. c3 Nf6 5. d3 O-O 6. O-O h6 7. Nbd2 d6 8. Re1
a6 9. Bb3 Kh8 10. Nf1 Ng4 11. d4 exd4 12. h3 Nge5 13. Nxd4 Qf6 14. Be3 Na5 15.
Nc2 Nxb3 16. axb3 Be6 17. Bxc5 dxc5 18. Nce3 Rad8 19. Qc2 Rd7 20. Red1 Rfd8 21.
Rxd7 Rxd7 22. Rd1 Qd8 23. Rd2 Qg5 24. Rxd7 Bxd7 25. Ng3 h5 26. Kh1 Be6 27. Qd1
h4 28. Ne2 Nc6 29. f4 Qd8 30. Qe1 Bxb3 31. Nf5 Qd1 32. Qxd1 Bxd1 33. Ng1 b5 34.
Nxh4 b4 35. Nhf3 a5 36. Nd2 a4 37. Nc4 Bb3 38. Nd2 Na5 39. Ne2 Nc4 40. Nxb3
axb3 41. cxb4 Nxb2 42. bxc5 Nd3 43. g3 b2 44. Nc3 Nf2+ 45. Kg2 Nxe4 46. Nb1
Nxc5 47. Kf3 f5 48. Ke3 Kh7 49. Kd4 Ne4 50. g4 Nf2 51. gxf5 Nxh3 52. Ke3 Kh6
53. Kf3 c5 54. Kg3 Ng5 55. fxg5+ Kxg5 56. Kf3 Kxf5 57. Ke3 g5 58. Kd3 g4 59.
Kc2 g3 60. Nc3 g2 61. Ne2 Kg4 62. Kxb2 Kf3 63. Ng1+ Kf2 64. Nh3+ Kg3 65. Ng1
Kf4 66. Kc3 1/2-1/2

[Event "Madrid-ch Semifinal A"]
[Site "Madrid ESP"]
[Date "2014.03.11"]
[Round "2.18"]
[White "Fernandez Garcia, Ignacio"]
[Black "Garcia Gonzalez, Jesus"]
[Result "0-1"]
[WhiteElo "1907"]
[BlackElo "1993"]
[PlyCount "84"]
[EventDate "2014.03.10"]
[EventType "swiss"]
[EventRounds "9"]
[EventCountry "ESP"]
[Source "lmi"]
[SourceDate "2014.03.10"]

1. e4 e5 2. Nf3 d6 3. Bc4 c6 4. Nc3 Be7 5. a3 Nf6 6. h3 O-O 7. d3 d5 8. exd5
cxd5 9. Bb3 Nc6 10. O-O h6 11. Re1 Qd6 12. Qe2 Re8 13. Nb5 Qd7 14. c4 e4 15.
dxe4 dxe4 16. Nh2 Ne5 17. Be3 a6 18. Nc3 Qf5 19. Nd5 Nxd5 20. cxd5 Nd3 21. Red1
Bf6 22. Rab1 Bd7 23. Bc4 Ne5 24. b4 Rac8 25. Bb3 Bb5 26. Qd2 Nd3 27. a4 Bc3 28.
Qe2 Nf4 29. Qa2 Bd3 30. Nf1 Bxb4 31. Ng3 Bxb1 32. Qxb1 Qe5 33. Bc2 Bc5 34. Bxc5
Rxc5 35. Re1 f5 36. Bb3 Nd3 37. d6+ Kh7 38. d7 Rd8 39. Qa2 Nxe1 40. Be6 g6 41.
Bxf5 gxf5 42. Qf7+ Qg7 0-1

[Event "Madrid-ch Semifinal A"]
[Site "Madrid ESP"]
[Date "2014.03.11"]
[Round "2.19"]
[White "Camarero Izquierdo, Juan Carlo"]
[Black "Luna Hermoso, Angel"]
[Result "0-1"]
[WhiteElo "1864"]
[BlackElo "1973"]
[PlyCount "74"]
[EventDate "2014.03.10"]
[EventType "swiss"]
[EventRounds "9"]
[EventCountry "ESP"]
[Source "lmi"]
[SourceDate "2014.03.10"]

1. d4 Nf6 2. Nc3 b5 3. Nxb5 Nc6 4. Nf3 d6 5. e3 Rb8 6. c4 Bf5 7. Bd3 Bxd3 8.
Qxd3 Nb4 9. Qe2 c6 10. Nc3 Qa5 11. O-O e5 12. h4 e4 13. Ng5 d5 14. f3 h6 15.
Nxf7 exf3 16. Qxf3 Kxf7 17. Qh5+ Kg8 18. Rxf6 gxf6 19. Qg6+ Bg7 20. e4 Qd8 21.
Bf4 Qe8 22. Qg3 Rd8 23. e5 Kh7 24. a3 Nc2 25. Rc1 Nxd4 26. Qd3+ Kg8 27. exf6
Bxf6 28. cxd5 cxd5 29. Qg3+ Kh7 30. Qf2 Qg6 31. Rd1 Rhg8 32. Rd2 Qg4 33. Kf1
Ne6 34. Ne2 Bxh4 35. g3 Nxf4 36. Nxf4 Bxg3 37. Qxa7+ Rg7 0-1

[Event "Madrid-ch Semifinal A"]
[Site "Madrid ESP"]
[Date "2014.03.11"]
[Round "2.20"]
[White "Ore Leon, Gustavo"]
[Black "Martos De La Vega, Alvar"]
[Result "1/2-1/2"]
[WhiteElo "1840"]
[BlackElo "1958"]
[PlyCount "126"]
[EventDate "2014.03.10"]
[EventType "swiss"]
[EventRounds "9"]
[EventCountry "ESP"]
[Source "lmi"]
[SourceDate "2014.03.10"]

1. d4 Nf6 2. c4 g6 3. Nc3 Bg7 4. e4 d6 5. Nf3 O-O 6. Be2 e5 7. O-O Nc6 8. d5
Ne7 9. Ne1 Nd7 10. Be3 f5 11. f3 f4 12. Bf2 g5 13. b4 Nf6 14. Rc1 Ng6 15. Nd3
h5 16. c5 g4 17. cxd6 cxd6 18. Nb5 Rf7 19. Bxa7 g3 20. Qc2 Bf8 21. a4 Nh7 22.
Kh1 Qh4 23. Bg1 Rg7 24. Rfd1 Ng5 25. Bf1 Bd7 26. Ne1 Nh7 27. a5 Qg5 28. Qe2 h4
29. h3 Qd8 30. Rc7 Bxb5 31. Rxg7+ Kxg7 32. Qxb5 Qc8 33. Nd3 Nf6 34. Rc1 Qb8 35.
Bb6 Be7 36. Nb2 Nf8 37. Na4 N8d7 38. Bg1 Kf7 39. Nb6 Nxb6 40. Qxb6 Ne8 41. Qb5
Nf6 42. Bb6 Qf8 43. Rc7 Qb8 44. Rc1 Qf8 45. Be2 Rc8 46. Rxc8 Qxc8 47. Qc4 Qxc4
48. Bxc4 Nd7 49. Bg1 Bd8 50. Ba7 Bc7 51. Kg1 Ke7 52. Kf1 Kd8 53. Ke2 Kc8 54.
Bb5 Nb8 55. Bxb8 Bxb8 56. Kd3 Ba7 57. Kc4 Kc7 58. Ba4 b6 59. Bc6 bxa5 60. bxa5
Bc5 61. Kb5 Kb8 62. Be8 Kc7 63. a6 Bg1 1/2-1/2

[Event "Madrid-ch Semifinal A"]
[Site "Madrid ESP"]
[Date "2014.03.11"]
[Round "2.21"]
[White "Camacho Casado, Demetrio"]
[Black "Montes De Santiago, Fernando"]
[Result "1/2-1/2"]
[WhiteElo "1956"]
[BlackElo "1831"]
[PlyCount "71"]
[EventDate "2014.03.10"]
[EventType "swiss"]
[EventRounds "9"]
[EventCountry "ESP"]
[Source "lmi"]
[SourceDate "2014.03.10"]

1. e4 c5 2. c4 d6 3. Nc3 Nf6 4. g3 e5 5. Bg2 Nc6 6. d3 Be7 7. Nge2 O-O 8. O-O
Ng4 9. h3 Nf6 10. f4 Nd4 11. Nxd4 cxd4 12. Ne2 Nd7 13. f5 a6 14. g4 Bg5 15. Rf3
Nc5 16. Ng3 Bd7 17. Bxg5 Qxg5 18. f6 g6 19. Ne2 b5 20. b3 bxc4 21. bxc4 Ba4 22.
Qe1 Rab8 23. h4 Qxg4 24. Qd2 Qh5 25. Raf1 Bd7 26. Ng3 Qxh4 27. Kf2 Nxd3+ 28.
Qxd3 Rb2+ 29. Kg1 Rfb8 30. R3f2 R2b4 31. Rc2 Ba4 32. Rd2 h5 33. Rdf2 Qg5 34.
Re1 Rc8 35. Nf1 Rbxc4 36. Qa3 1/2-1/2